000 00801nam a2200241 a 4500
001 000007850
003 DO-SdBNP
005 20211203122826.0
008 090911s2009 dr ac 000 0 spa d
020 _a97899458661563
040 _aDO-SdBNP
_bspa
_cBNPHU
082 4 _a929.2
_bM252m
_222
100 1 _aMaya, Vicky
_921600
245 1 0 _aA su memoria / :
_bVicky Maya ; prólogo Freddy Ginebra.
260 _aSanto Domingo :
_bBúho,
_c2009.
300 _a89 p. :
_bil., retrs. ;
_c23 cm.
600 3 4 _a Frankenberg (Familia)
_921602
650 4 _aAlemanes en República Dominicana
_xHistoria
_921603
650 4 _aGenealogía
_921604
651 4 _aRepública Dominicana
_xMigración e inmigración
_y1937-
_921601
700 1 _aGinebra, Freddy
_epról.
_921605
942 _2ddc
_cLBS1
999 _c7628
_d7628